| 000 | 00480nam a2200157Ia 4500 | ||
|---|---|---|---|
| 999 |
_c19845 _d19845 |
||
| 003 | OSt | ||
| 005 | 20200623114208.0 | ||
| 008 | 190216s9999||||xx |||||||||||||| ||und|| | ||
| 040 | _coclc | ||
| 082 |
_a954.035 _bCHA/F |
||
| 100 | 1 |
_aChandra, Bipan _9137 |
|
| 245 | 0 |
_aFreedom Struggle / _cBipan Chandra ; Amales Tripathi ; Barun De |
|
| 260 |
_bNational Book Stall, _c1972. _aNew Delhi: |
||
| 300 | _a228p | ||
| 942 |
_cBK _2ddc _h954.035 _iCHA/F _k954.035 _mCHA/F |
||